Statistiques concernant Péninsules par image satellite

Cliquez ici pour prendre le quiz!

Statistiques générales

  • Ce quiz a été pris 3 229 fois
  • Le résultat moyen est 7 sur 16

Statistiques - réponses

Réponse% Correct
Ibérique
93%
Corée
79%
Bretagne
78%
Sinaï
59%
Qatar
54%
Crimée
48%
Basse-Californie
42%
Indochine
42%
Yucatán
41%
Péloponnèse
39%
Jutland
35%
Kamtchatka
34%
Cornouailles
28%
cap Cod
12%
cap York
10%
supérieure du Michigan
7%

Distribution des résultats

Percentile par nombre de réponses

% des personnes avec chaque résultat

Votre développement - résultats

Vous n’avez pas pris ce quiz